LEADER 00615nam0-22002291i-450- 001 990001181710403321 035 $a000118171 035 $aFED01000118171 035 $a(Aleph)000118171FED01 035 $a000118171 100 $a20000920d--------km-y0itay50------ba 101 1 $aeng 200 1 $aMeccanica Superiore$fdi R. MARCOLONGO. 700 1$aMarcolongo,$bRoberto$c$01307 801 0$aIT$bUNINA$gRICA$2UNIMARC 901 $aBK 912 $a990001181710403321 952 $a32-F-33$b01826$fMA1 959 $aMA1 996 $aMeccanica Superiore$9342202 997 $aUNINA DB $aING01 LEADER 00497cac0 22001811 450 001 LAEC00021168 005 20110502111317.0 100 $a20110502f0000 |||||ita|0103 ba 102 $aBE 110 $ab 200 1 $aTesti e documenti$eCronache belghe 801 0$aIT$bUNISOB$c20110502$gRICA 912 $aLAEC00021168 940 $aC 121 Collana SBN 941 $aC 996 $aTesti e documenti$9908642 997 $aUNISOB 998 \\$1001E600200010132$12001 $a<>film di animazione in Belgio